000 00641nam a2200181Ia 4500
005 20250423100052.0
008 250422s9999 xx 000 0 und d
020 _a9780273708018
050 _aHD 31 .M531/
100 _aMerchant, Kenneth A.
245 0 _aManagement control systems : performance measurement, evaluation, and incentives
260 _aBoston
260 _bPrentice Hall
260 _c2007
300 _a850 p
650 _aIndustrial management Cost control. Managerial accounting. Performance_Measurement. Industrial management_Case studies Cost control_Case studies Managerial accounting_Case studies
942 _cBK
999 _c32194
_d32194